000 00433nam a22001457a 4500
082 _a625.885
_bSPE
100 _aThe Asphalt Institute,
_920237
245 _aSpecifications and construction methods for asphalt curbs and gutters/
250 _a3rd ed.
260 _aMaryland:
_bThe Asphalt Institute,
_cc1996
300 _a20p,;
_bill,:
_c16cm
526 _a0
_b0
_c0
_d625_885000000000000_SPE
650 _aMCE
_9379
942 _2ddc
_cBK
999 _c548045
_d548045